Statistiques concernant Culture Générale - Série 1385

Cliquez ici pour prendre le quiz!

Statistiques générales

  • Ce quiz a été pris 87 fois
  • Le résultat moyen est 6 sur 10

Statistiques - réponses

QuestionRéponse% Correct
Ragoût de boeuf mijoté dans une sauce au vin rouge, je tiens mon nom de ma région d'origine dont le chef-lieu est Dijon. Je suis le boeuf...bourguignon
95%
En 2009, de quel pays Lula est-il le président ?Brésil
90%
Que perd un serpent quand il mue ?peau
90%
Dans le code Morse, quelle lettre est représentée par trois points ?S
82%
Complétez ces vers de Verlaine : "Les sanglots longs des violons de l'automne blessent mon coeur d'une ... (2 mots)langueur monotone
73%
Quel dramaturge français, décédé en 1987, a écrit : "Le Voyageur sans bagage" et "Antigone" ?Jean Anouilh
55%
Quel est le dernier coureur cycliste français à avoir remporté le Tour de France ?Bernard Hinault
50%
Dans quel pays l'acteur Russell Crowe est-il né ?Nouvelle-Zélande
41%
Quelle viennoiserie en pâte feuilletée garnie d'abricots et de crème pâtissière, tient son nom de la ville d'Oran ?oranais
26%
Quel petit passereau, qui peut être "pitchou" ou "grisette", tient son nom de la couleur brun rouge de certaines de ses espèces ?fauvette
6%

Distribution des résultats

Percentile par nombre de réponses

% des personnes avec chaque résultat

Votre développement - résultats

Vous n’avez pas pris ce quiz